00716nam a2200193 i 4500001000300000100002500003245010800028260002100136490006400157830006000221040000800281041000800289080001300297942000700310008004100317999001700358856009800375952004900473bg1 aDŁUŻEWSKI, Paweł 0aZastosowanie teorii poślizgów do opisu procesów deformacji niesprężystych /cP. Dłużewski. aWarszawa,c1985.1 aPrace Instytutu Podstawowych Problemów Techniki PAN ;v37 aPrace Instytutu Podstawowych Problemów Techniki PAN ; cBPK apol a539.3/.6 cKS s pl f |000 0 pol  c28327d28327 uhttp://koha.tu.koszalin.pl/cgi-bin/koha/opac-detail.pl?biblionumber=28327yKatalog online BPK 00104070aBPKbBPKcwo32806p01578935yKS